Départements français par température moyenne - avec carte - Statistiques

Statistiques générales
  • Ce quiz a été pris 43 fois
    31 depuis la dernière actualisation
  • Le résultat moyen est 37 sur 96
Réponses sur la Carte
Les réponses sont colorées sur une échelle allant du rouge au vert en fonction du pourcentage des utilisateurs qui les ont devinées à leur premier essai. Vous pouvez retrouver ces pourcentages ci-dessous.
 
Statistiques - réponses
Température Nom du département % Correct
16.45°C Corse-du-Sud
100%
17.05°C Haute-Corse
100%
16.29°C Alpes Maritimes
81%
15.36°C Aude
81%
15.39°C Bouches-du-Rhône
81%
15.7°C Hérault
81%
16.35°C Pyrénées Orientales
81%
16.23°C Var
81%
14.83°C Vaucluse
81%
14.65°C Pyrénées-Atlantiques
71%
14.47°C Drôme
67%
14.55°C Gironde
67%
14.5°C Landes
67%
13.99°C Ardèche
57%
13.81°C Gers
57%
14.25°C Haute-Garonne
57%
13.94°C Tarn
57%
13.56°C Alpes-de-Haute-Provence
52%
13.99°C Lot-et-Garonne
52%
13.4°C Rhône
52%
14.1°C Tarn et Garonne
52%
13.99°C Charente
48%
13.81°C Charente Maritime
48%
13.62°C Corrèze
48%
13.2°C Dordogne
48%
13.28°C Lot
48%
12.77°C Ariège
43%
13.23°C Deux-Sèvres
43%
13°C Hautes-Pyrénées
43%
12.95°C Loire-Atlantique
43%
12.94°C Maine-et-Loire
43%
13°C Morbihan
43%
13.33°C Paris
43%
13.18°C Vendée
43%
12.76°C Indre et Loire
38%
12.91°C Sarthe
38%
12.69°C Val-de-Marne
38%
12.7°C Vienne
38%
12.09°C Allier
33%
12.6°C Cher
33%
11.96°C Côtes-d'Armor
33%
12.69°C Essonne
33%
12.32°C Finistère
33%
12.52°C Gard
33%
12.2°C Haute-Vienne
33%
12.06°C Hauts-de-Seine
33%
12.26°C Ille-et-Vilaine
33%
12.38°C Indre
33%
12.19°C Isère
33%
12°C Loiret
33%
12.1°C Loir-et-Cher
33%
12.27°C Mayenne
33%
12.67°C Puy-de-Dôme
33%
12.35°C Saône-et-Loire
33%
12.6°C Seine-Saint-Denis
33%
12.18°C Yonne
33%
11.97°C Yvelines
33%
11.9°C Ain
29%
11.8°C Aube
29%
11.82°C Côte d'Or
29%
11.61°C Eure
29%
11.89°C Eure et Loir
29%
11.9°C Loire
29%
11.89°C Manche
29%
11.87°C Nièvre
29%
11.68°C Orne
29%
11.93°C Bas-Rhin
24%
11.42°C Calvados
24%
11.47°C Hautes-Alpes
24%
11.63°C Haut-Rhin
24%
12.07°C Jura
24%
10.1°C Lozère
24%
12.18°C Seine-et-Marne
24%
12.23°C Val-d'Oise
24%
11.44°C Aveyron
19%
10.84°C Cantal
19%
11.28°C Creuse
19%
11.86°C Doubs
19%
11.44°C Haute Marne
19%
11.22°C Meuse
19%
11.83°C Nord
19%
11.5°C Pas-de-Calais
19%
11.65°C Savoie
19%
11.75°C Seine-Maritime
19%
11.1°C Aisne
14%
10.39°C Ardennes
14%
9.51°C Haute Loire
14%
11.11°C Haute-Saône
14%
10.11°C Haute Savoie
14%
11.27°C Marne
14%
11.27°C Meurthe et Moselle
14%
11.26°C Moselle
14%
11.41°C Oise
14%
11.3°C Somme
14%
11.28°C Territoire-de-Belfort
14%
11.43°C Vosges
14%
Aucun quiz correspondant
Distribution des résultats
% des personnes avec chaque résultat
Percentile par nombre de réponses
Votre historique - résultats
Vous n’avez pas pris ce quiz depuis la dernière actualisation